000 00316nam a22001217a 4500
999 _c5452
_d5452
008 250918b ||||| |||| 00| 0 eng d
020 _a9781786960566
082 _a823.92 GRY
100 _aGRYLLS,BEAR
_eAUTHOR
_lENGLISH
245 _aBEAR GRYLLS ADVENTURES
260 _aGREAT BRITAIN
_bBEAR GRYLLS
_c2020
942 _2ddc